| 000 | 00527nam a2200169 i 4500 | ||
|---|---|---|---|
| 001 | 69265 | ||
| 003 | ES-MaACL | ||
| 005 | 20230906170459.0 | ||
| 007 | t| | ||
| 008 | 040702s1953 sp ||||1| spa d | ||
| 100 | 0 |
_aGarcía Aráez, H. _954171 |
|
| 245 | 1 | 0 |
_aEsencias naturales / _cH. García Aráez ; prologo de Manuel Lora Tamayo. |
| 260 |
_aMadrid : _bAguilar, _c[1953] ( _fSelecciones Gráficas) |
||
| 300 |
_aXV, 406 p. : _bil. ; _c22 cm. |
||
| 700 | 1 |
_aLora-Tamayo, Manuel. _974059 |
|
| 852 |
_aES-MaACL _jC-5860 _bR.35263 |
||
| 999 |
_c69265 _d69265 |
||